书目信息 |
| 题名: |
民间实用老偏方
|
|
| 作者: | 陈凯霞 , 王弋然 主编 ;虞丽相 编著 | |
| 分册: | ||
| 出版信息: | 北京 金盾出版社 2014 |
|
| 页数: | 10,242页 | |
| 开本: | 21cm | |
| 丛书名: | ||
| 单 册: | ||
| 中图分类: | R289.2 | |
| 科图分类: | ||
| 主题词: | 土方--汇编 | |
| 电子资源: | ||
| ISBN: | 978-7-5082-9066-9 | |
| 000 | 00869nam0 2200253 450 | |
| 001 | 012015000069 | |
| 005 | 20151130093315.40 | |
| 010 | @a978-7-5082-9066-9@dCNY20.00 | |
| 100 | @a20140508d2014 em y0chiy50 ea | |
| 101 | 0 | @achi |
| 102 | @aCN@b110000 | |
| 105 | @ay z 000yy | |
| 106 | @ar | |
| 200 | 1 | @a民间实用老偏方@Amin jian shi yong lao pian fang@f陈凯霞,王弋然主编@g虞丽相[等]编著 |
| 210 | @a北京@c金盾出版社@d2014 | |
| 215 | @a10,242页@d21cm | |
| 330 | @a本书针对呼吸系统疾病、消化系统疾病、循环系统疾病、泌尿系统疾病、神经及运动系统疾病、内分泌疾病,以及儿科病、妇产科病、皮肤疾病,辑选了上百首民间老偏方。 | |
| 606 | 0 | @a土方@j汇编 |
| 690 | @aR289.2@v5 | |
| 701 | 0 | @a陈凯霞@Achen kai xia@4主编 |
| 701 | 0 | @a王弋然@Awang yi ran@4主编 |
| 702 | 0 | @a虞丽相@Ayu li xiang@4编著 |
| 801 | 0 | @aCN@b碧洲教育@c20151127 |
| 905 | @a10447@f4@dR289.2@e352 | |
| 民间实用老偏方/陈凯霞,王弋然主编/虞丽相[等]编著.-北京:金盾出版社,2014 |
| 10,242页;21cm |
| ISBN 978-7-5082-9066-9:CNY20.00 |
| 本书针对呼吸系统疾病、消化系统疾病、循环系统疾病、泌尿系统疾病、神经及运动系统疾病、内分泌疾病,以及儿科病、妇产科病、皮肤疾病,辑选了上百首民间老偏方。 |
| ● |
| 相关链接 |
|
|
|
|
正题名:民间实用老偏方
索取号:R289.2/352
 
预约/预借
| 序号 | 登录号 | 条形码 | 馆藏地/架位号 | 状态 | 备注 |
| 1 | 0871790 | 208717904 | 第二样本阅览室/ [索取号:R289.2/352] | 在馆 | |
| 2 | 0871791 | 208717913 | 第三借阅区/ [索取号:R289.2/352] | 在馆 | |
| 3 | 0871792 | 208717922 | 第三借阅区/ [索取号:R289.2/352] | 在馆 | |
| 4 | 0871793 | 208717931 | 第三借阅区/ [索取号:R289.2/352] | 在馆 |